000 00924nam a2200217 a 4500
001 53140
005 20180714043251.0
008 140415s2004 si 000 0 spa d
020 _a8448046978
041 _aspa
082 _a778
_bCLE
100 1 _aCLEMENTS, JOHN
245 1 0 _aGUIA DE LA FOTOGRAFIA DIGITAL
250 _a1a ed.
260 _aSINGAPURE :
_bCEAC,
_c2004
300 _a182
_c20.3 x 1 x 23
520 _aEL NUCLEO DE ESTE LIRBO LO CONSTITUYEN LAS IMAGENES DE ALTA CALIDAD, QUE COMPARTEN LA INFORMACIÓN ACERCA DE POR QUE CREARON UNA IMAGEN DETERMINADA Y COMO LA MANIPULARON. TRATA DE TEMAS DIVERSOS, DESDE LOS PAISAJES O RETRATOS HASTA LOS DESNUDOS Y LA FOTOGRAFIA A DETALLES; SE EXPLICAN TÉCNICAS MUY DIFERENTES Y SE ANALIZAN SUS PROS Y SUS CONTRAS.
650 1 4 _aFOTOGRAFIA DIGITALIZADA
700 1 _aFURIO, JOANNA
_etr.
740 _aAN INTERMEDIATE GUIDE TO DIGITAL PHOTOGRAPHY
999 _c53140
_d53140